Estimating cyclical component in CPI of Slovakia and Poland
Autoregresívny proces modelovania cyklu. Odhad zložky cyklu. Slovenský a poľský logaritmus CPI.
Guardado en:
| Autor principal: | |
|---|---|
| Otros Autores: | |
| Formato: | Capítulo de libro |
| Lenguaje: | inglés |
| Materias: | |
| Etiquetas: |
Sin Etiquetas, Sea el primero en etiquetar este registro!
|
MARC
| LEADER | 00000naa$a2200000$$$4500 | ||
|---|---|---|---|
| 001 | 0049616 | ||
| 005 | 20240502083131.2 | ||
| 041 | 0 | |a eng | |
| 044 | |a PL | ||
| 245 | 1 | 0 | |a Estimating cyclical component in CPI of Slovakia and Poland |c Eva Rublíková, Magdalena Rutkowska |
| 500 | |a Príspevok bol prezentovaný na 9. vedeckej konferencii Inwestycje finansowe i ubezpieczenia - tendencje światowe a polski rynek, 25.-27.9.2006, Szklarska Poreba | ||
| 520 | |a Autoregresívny proces modelovania cyklu. Odhad zložky cyklu. Slovenský a poľský logaritmus CPI. | ||
| 610 | 2 | 0 | |a rady časové |
| 610 | 2 | 0 | |a modelovanie |
| 610 | 2 | 0 | |a modely matematické |
| 610 | 2 | 0 | |a odhady |
| 610 | 2 | 0 | |a Slovensko |
| 610 | 2 | 0 | |a Poľsko |
| 100 | 1 | |a Rublíková, Eva | |
| 700 | 1 | |a Rutkowska, Magdalena | |